[Event "Campeonato de Aragon por Equipos 2025 -"]
[Site "?"]
[Date "2025.02.08"]
[Round "3.39"]
[White "Casas Chine, German"]
[Black "Gella Lopez, Angel"]
[Result "1-0"]
[WhiteElo "1904"]
[BlackElo "1977"]
[PlyCount "85"]
[GameId "2147807431371896"]
[EventDate "2025.01.25"]
[WhiteTeam "Fraga"]
[BlackTeam "Atletismo Huesca"]

1. e4 c5 2. Nf3 e6 3. d4 cxd4 4. Nxd4 Nc6 5. Nc3 Qc7 6. Ndb5 Qb8 7. g3 a6 8. Nd4 Nf6 9. Bg2 Be7 10. O-O O-O 11. Re1 d6 12. Be3 Bd7 13. Qe2 Qc7 14. Nxc6 Bxc6 15. Rad1 b5 16. a3 Qb7 17. f3 Rfd8 18. Qf2 b4 19. Ne2 e5 20. axb4 Qxb4 21. b3 d5 22. exd5 Nxd5 23. Kh1 Nxe3 24. Qxe3 f6 25. Nc1 Bc5 26. Nd3 Bxe3 27. Nxb4 Rxd1 28. Rxd1 Be8 29. Nd5 Bd4 30. c3 Bf2 31. Rd2 Ba7 32. f4 Rb8 33. b4 Kf7 34. fxe5 fxe5 35. h3 Bb5 36. Nc7 Ke7 37. Nxb5 axb5 38. Bc6 Kf6 39. Rd6+ Kf5 40. Rd7 Be3 41. Kg2 Rc8 42. Rd6 h5 43. Bd7+ 1-0

[Event "Campeonato de Aragon por Equipos 2025 -"]
[Site "?"]
[Date "2025.02.08"]
[Round "3.40"]
[White "Molina Cubero-Luna, German"]
[Black "Martinez Arbones, Victor"]
[Result "1-0"]
[WhiteElo "1915"]
[BlackElo "1739"]
[PlyCount "95"]
[GameId "2147807431523449"]
[EventDate "2025.01.25"]
[WhiteTeam "Atletismo Huesca"]
[BlackTeam "Fraga"]

1. d4 Nf6 2. Nf3 d6 3. e3 g6 4. Bd3 Bg7 5. b3 O-O 6. Bb2 Nc6 7. a3 Nd7 8. Nbd2 e5 9. d5 Ne7 10. c4 f5 11. Bc2 h6 12. h4 f4 13. e4 Nf6 14. Qe2 c6 15. O-O-O cxd5 16. cxd5 a5 17. Kb1 b6 18. Bd3 Nd7 19. Bb5 Nc5 20. Rc1 Bd7 21. Ka2 Nc8 22. Rhg1 Bg4 23. Bc6 Rb8 24. Rc2 Na7 25. Bb5 Rf7 26. Rgc1 Nxb5 27. Qxb5 Bd7 28. Qe2 b5 29. Nxe5 Bxe5 30. Bxe5 Nxb3 31. Nxb3 dxe5 32. Nc5 b4 33. Qa6 Kh7 34. h5 gxh5 35. Rb2 Rf6 36. Qa7 Rf7 37. Nxd7 Rxd7 38. Qc5 bxa3 39. Rxb8 Qxb8 40. Rb1 Qd8 41. Rb6 Rc7 42. Rc6 Rd7 43. Rc8 Qg5 44. Qf8 Rg7 45. Qh8+ Kg6 46. Rc6+ Kf7 47. Rc7+ Kf6 48. Qf8+ 1-0

[Event "Campeonato de Aragon por Equipos 2025 -"]
[Site "?"]
[Date "2025.02.08"]
[Round "3.41"]
[White "Galve Guinea, Alejandro"]
[Black "Zazuliak, Kostiantyn"]
[Result "1-0"]
[WhiteElo "1949"]
[BlackElo "1868"]
[PlyCount "119"]
[GameId "2147807431662714"]
[EventDate "2025.01.25"]
[WhiteTeam "El Olivar C"]
[BlackTeam "Jaque - Aramovil B"]

1. Nf3 d6 2. d4 Nf6 3. c4 g6 4. Nc3 Bg7 5. e4 Bg4 6. Be2 O-O 7. O-O Nfd7 8. Be3 a5 9. Qd2 e5 10. dxe5 dxe5 11. Rfd1 Nc6 12. Ne1 Bxe2 13. Nxe2 Nf6 14. f3 Qe7 15. Nc2 Rfd8 16. Qc3 Bf8 17. a3 Nd7 18. Rd2 Nc5 19. Rad1 Rxd2 20. Rxd2 Rd8 21. Rd5 Nd7 22. Ne1 Nb6 23. Rxd8 Qxd8 24. Nd3 Nd4 25. Nxd4 exd4 26. Bxd4 Na4 27. Bf6 Qd7 28. Qd4 Qxd4+ 29. Bxd4 c5 30. Be3 Nb6 31. Bxc5 Nxc4 32. Bd4 Bg7 33. Bxg7 Kxg7 34. Kf2 Kf6 35. g3 b6 36. Ke2 Ke6 37. a4 Kd6 38. b3 Na3 39. Kd2 b5 40. axb5 Nxb5 41. Ke3 Nc3 42. f4 a4 43. bxa4 Nxa4 44. Kd4 Nb6 45. Ne5 Ke7 46. Nc4 Nd7 47. Ne3 Kf8 48. Nd5 Kg7 49. e5 h5 50. Kc4 Nf8 51. Nc7 Nd7 52. Kb5 Kg8 53. Kc6 Nf8 54. Kd6 Nh7 55. Ke7 Nf8 56. h3 Nh7 57. e6 fxe6 58. Nxe6 Kh8 59. Kf7 h4 60. gxh4 1-0

[Event "Campeonato de Aragon por Equipos 2025 -"]
[Site "?"]
[Date "2025.02.08"]
[Round "3.42"]
[White "Abadias Banzo, Javier"]
[Black "De La Riva Fernandez, Eduardo"]
[Result "1-0"]
[WhiteElo "1732"]
[BlackElo "1820"]
[PlyCount "97"]
[GameId "2147807431699579"]
[EventDate "2025.01.25"]
[WhiteTeam "Jaque - Aramovil B"]
[BlackTeam "El Olivar C"]

1. b3 e5 2. Bb2 Nc6 3. e3 d5 4. Bb5 Bd6 5. Nf3 Qe7 6. d4 e4 7. Ne5 Bd7 8. Nxd7 Qxd7 9. c4 a6 10. Bxc6 bxc6 11. Nc3 Nf6 12. f3 Bb4 13. O-O Bxc3 14. Bxc3 O-O 15. Bb4 Rfe8 16. f4 Ng4 17. Qe2 f5 18. h3 Nf6 19. Rac1 Reb8 20. Bc5 Rb7 21. Rc2 a5 22. Kh2 Qe6 23. Rg1 h5 24. Rgc1 g6 25. cxd5 cxd5 26. Qe1 a4 27. bxa4 Rxa4 28. a3 Rc4 29. Qa5 Nd7 30. Bb4 Qc6 31. Qa8+ Kf7 32. Rxc4 dxc4 33. Rxc4 Qb5 34. Rc3 Qb6 35. Qd8 c5 36. Qxb6 Nxb6 37. dxc5 Nd5 38. c6 Rc7 39. Bd6 Rc8 40. Rc5 Nxe3 41. c7 Ke6 42. Be5 Nd5 43. a4 Nb4 44. Rb5 e3 45. Rxb4 g5 46. Kg3 g4 47. Rb8 gxh3 48. gxh3 h4+ 49. Kf3 1-0

[Event "Campeonato de Aragon por Equipos 2025 -"]
[Site "?"]
[Date "2025.02.08"]
[Round "3.43"]
[White "Sisas Mainar, Izan"]
[Black "Oliva Tarancon, Guillermo"]
[Result "1-0"]
[WhiteElo "1785"]
[BlackElo "1684"]
[PlyCount "71"]
[GameId "2147807431748732"]
[EventDate "2025.01.25"]
[WhiteTeam "El Olivar C"]
[BlackTeam "Jaque - Aramovil B"]

1. d4 d6 2. c4 e5 3. e3 Nd7 4. Nc3 Ngf6 5. Bd3 Be7 6. Nf3 O-O 7. O-O c6 8. h3 Re8 9. Qc2 h6 10. Rd1 b6 11. dxe5 dxe5 12. Nxe5 Nxe5 13. Bh7+ Nxh7 14. Rxd8 Bxd8 15. b3 Bb7 16. Bb2 Bc7 17. Qf5 Ng6 18. c5 Re5 19. Qd7 Re7 20. Qd4 Rd8 21. Nd5 Re5 22. f4 Rdxd5 23. Qc3 Rxc5 24. Qd4 Rcd5 25. Qc3 Nf6 26. fxe5 Bxe5 27. Qc2 Bxb2 28. Qxb2 Rg5 29. Kh2 h5 30. Qd2 Nh4 31. Rg1 c5 32. e4 Nxe4 33. Qf4 Nf3+ 34. gxf3 Rxg1 35. Kxg1 Nc3 36. Qb8+ 1-0

[Event "Campeonato de Aragon por Equipos 2025 -"]
[Site "?"]
[Date "2025.02.08"]
[Round "3.44"]
[White "Vizcarra Susin, Sergio"]
[Black "Marco Garcia, Francho"]
[Result "1/2-1/2"]
[WhiteElo "1631"]
[BlackElo "1765"]
[PlyCount "149"]
[GameId "2147807431797885"]
[EventDate "2025.01.25"]
[WhiteTeam "Jaque - Aramovil B"]
[BlackTeam "El Olivar C"]

1. d4 Nf6 2. Bf4 e6 3. e3 b6 4. Bd3 Bb7 5. Nf3 Be7 6. h3 d6 7. Nbd2 Nbd7 8. O-O O-O 9. Qe2 Nd5 10. Bg3 Nb4 11. c4 Nxd3 12. Qxd3 f5 13. Rac1 Nf6 14. d5 exd5 15. Qxf5 dxc4 16. Qe6+ Kh8 17. Qxc4 c5 18. Rfd1 d5 19. Qc3 Bd6 20. Bxd6 Qxd6 21. Qe5 Qd7 22. Ne4 Rae8 23. Nxf6 Rxf6 24. Qh5 d4 25. Nxd4 cxd4 26. Rc7 Bf3 27. gxf3 Qe6 28. Kf1 dxe3 29. Rd6 e2+ 30. Ke1 Qxd6 31. Qxe8+ Rf8 32. Qd7 Qe5 33. Qe7 Qxe7 34. Rxe7 h5 35. Kxe2 Ra8 36. Ke3 Kh7 37. Ke4 Kh6 38. Ke5 a6 39. Re6+ Kg5 40. Rxb6 Kh4 41. Rg6 Ra7 42. Rg3 g5 43. Kf6 Rb7 44. b3 Rb8 45. Ke5 Rd8 46. Ke4 Rd2 47. f4 gxf4 48. Kxf4 Rxf2+ 49. Rf3 Rxa2 50. Ke4 Rh2 51. Rf6 Rxh3 52. Rxa6 Rxb3 53. Rg6 Rg3 54. Rh6 Kg4 55. Rg6+ Kh3 56. Rh6 h4 57. Kf4 Rg8 58. Kf3 Rf8+ 59. Ke2 Kg3 60. Rg6+ Kh2 61. Rh6 h3 62. Rh7 Kg2 63. Rg7+ Kh1 64. Rh7 h2 65. Rh6 Kg2 66. Rg6+ Kh3 67. Rh6+ Kg3 68. Rg6+ Kf4 69. Rh6 Ra8 70. Kf1 Ra2 71. Rh8 Kg5 72. Rg8+ Kf6 73. Rh8 Kg7 74. Rh3 Kf6 75. Rh8 1/2-1/2

[Event "Campeonato de Aragon por Equipos 2025 -"]
[Site "?"]
[Date "2025.02.08"]
[Round "3.45"]
[White "Gaspar Calvo, Luis Alberto"]
[Black "Ballarin Corvinos, Jorge"]
[Result "1-0"]
[WhiteElo "1901"]
[BlackElo "1865"]
[PlyCount "67"]
[GameId "2147807431834750"]
[EventDate "2025.01.25"]
[WhiteTeam "Marcos Frechin C"]
[BlackTeam "Binefar"]

1. e4 c5 2. Nf3 e6 3. d4 cxd4 4. Nxd4 Nf6 5. Nc3 Qb6 6. Nb3 Bb4 7. Bd3 d6 8. O-O Bxc3 9. bxc3 O-O 10. Be3 Qc6 11. Nd4 Qd7 12. f4 e5 13. fxe5 dxe5 14. Nf5 Qc7 15. Nh6+ Kh8 16. Rxf6 gxf6 17. Qh5 f5 18. exf5 f6 19. Rf1 b6 20. Rf3 Ba6 21. Rg3 Nc6 22. Rg8+ Rxg8 23. Nf7+ Qxf7 24. Qxf7 Raf8 25. Qc7 Bxd3 26. cxd3 Rc8 27. Qd6 Kg7 28. Qd7+ Kh8 29. Bh6 Nb8 30. Bg7+ Rxg7 31. Qxc8+ Rg8 32. Qc7 a5 33. Qxb6 Kg7 34. Qxa5 1-0

[Event "Campeonato de Aragon por Equipos 2025 -"]
[Site "?"]
[Date "2025.02.08"]
[Round "3.46"]
[White "Arino Castan, Federico"]
[Black "Torres Ferrandez, Mario"]
[Result "1/2-1/2"]
[WhiteElo "1812"]
[BlackElo "1889"]
[PlyCount "79"]
[GameId "2147807431871615"]
[EventDate "2025.01.25"]
[WhiteTeam "Binefar"]
[BlackTeam "Marcos Frechin C"]

1. d4 g6 2. c4 Bg7 3. Nc3 d6 4. Nf3 e5 5. dxe5 dxe5 6. Qxd8+ Kxd8 7. e4 Be6 8. Ng5 Nc6 9. Nxe6+ fxe6 10. Be3 Nd4 11. O-O-O c5 12. g3 Ke7 13. Bh3 Nf6 14. f4 Nd7 15. Rhe1 a6 16. f5 Nb6 17. fxe6 Nxc4 18. Nd5+ Kd6 19. Bxd4 cxd4 20. Kb1 Bh6 21. Rf1 Nd2+ 22. Rxd2 Bxd2 23. Rf7 Rac8 24. Rd7+ Kc5 25. Kc2 Bg5 26. Rxb7 Rhf8 27. e7 Rf2+ 28. Kb3 Re8 29. Bd7 Rf3+ 30. Ka4 d3 31. Bg4 Rf7 32. Rc7+ Kd6 33. Rd7+ Kc5 34. b4+ Kc4 35. Be6 Rfxe7 36. Nxe7+ Kc3 37. Nd5+ Kd2 38. Bg4 h5 39. Bh3 Kc2 40. Rc7+ 1/2-1/2

[Event "Campeonato de Aragon por Equipos 2025 -"]
[Site "?"]
[Date "2025.02.08"]
[Round "3.47"]
[White "Celorrio De Pablo, Ricardo"]
[Black "Perales Boal, Ivan"]
[Result "0-1"]
[WhiteElo "1814"]
[BlackElo "1795"]
[PlyCount "72"]
[GameId "2147807431908480"]
[EventDate "2025.01.25"]
[WhiteTeam "Marcos Frechin C"]
[BlackTeam "Binefar"]

1. Nf3 d5 2. g3 Nf6 3. Bg2 g6 4. O-O Bg7 5. d3 O-O 6. Nbd2 c6 7. e4 dxe4 8. dxe4 Nbd7 9. Qe2 Ng4 10. Rd1 Qc7 11. c3 Nb6 12. a4 a5 13. h3 Nf6 14. Nd4 e5 15. N4b3 Be6 16. Nc5 Rfe8 17. Nxe6 Rxe6 18. Nc4 Nbd7 19. Be3 b5 20. axb5 cxb5 21. Na3 Bf8 22. Nxb5 Qb8 23. Qc4 Re8 24. Bf1 Rc8 25. Qd3 Nc5 26. Bxc5 Bxc5 27. Kg2 Qb6 28. Qc2 h5 29. Rd2 h4 30. g4 Nh7 31. Rad1 Ng5 32. Nd6 Rd8 33. Nc4 Rxd2 34. Rxd2 Qf6 35. Qd3 Qf4 36. Qd5 Bxf2 0-1

[Event "Campeonato de Aragon por Equipos 2025 -"]
[Site "?"]
[Date "2025.02.08"]
[Round "3.48"]
[White "Lanau Corzan, Gerardo"]
[Black "De Francisco Gracia, Diego"]
[Result "1/2-1/2"]
[WhiteElo "1780"]
[BlackElo "1749"]
[PlyCount "67"]
[GameId "2147807431957633"]
[EventDate "2025.01.25"]
[WhiteTeam "Binefar"]
[BlackTeam "Marcos Frechin C"]

1. d4 d5 2. Bf4 Nf6 3. e3 e6 4. Nf3 Bd6 5. Bg3 O-O 6. Bd3 b6 7. Nbd2 Ba6 8. Ne5 c5 9. Bxa6 Nxa6 10. c3 Rc8 11. O-O Qc7 12. f4 Nb8 13. Bh4 Nbd7 14. Qf3 cxd4 15. exd4 b5 16. Qd3 b4 17. Rac1 Qb6 18. Kh1 bxc3 19. bxc3 Qa5 20. Rc2 Ba3 21. Rf3 Qa4 22. Rh3 Nxe5 23. fxe5 Ng4 24. Kg1 f5 25. exf6 Nxf6 26. Bxf6 Rxf6 27. Qxh7+ Kf7 28. Nf3 Rf8 29. Ne5+ Ke8 30. Rf3 Bd6 31. Rxf6 Rxf6 32. Qh5+ Ke7 33. Qe2 Bxe5 34. dxe5 1/2-1/2

[Event "Campeonato de Aragon por Equipos 2025 -"]
[Site "?"]
[Date "2025.02.08"]
[Round "3.49"]
[White "Jimenez Fernandez, Alejandro"]
[Black "Dan, Teodor"]
[Result "0-1"]
[WhiteElo "1956"]
[BlackElo "2068"]
[PlyCount "60"]
[GameId "2147807432002690"]
[EventDate "2025.01.25"]
[WhiteTeam "Iberajedrez Mundo 64 B"]
[BlackTeam "Palacio De Pioneros B"]

1. d4 c5 2. d5 Nf6 3. Nc3 e6 4. g3 Na6 5. Nh3 Nb4 6. Nf4 e5 7. Nd3 d6 8. Bg2 Nxd3+ 9. exd3 Bg4 10. Ne2 Be7 11. O-O Qd7 12. c4 h5 13. b3 Bh3 14. f3 Qf5 15. Bb2 Rh6 16. Nc3 Kf8 17. Qe2 Bxg2 18. Kxg2 Re8 19. Ne4 Rg6 20. Kh1 Qh3 21. Qg2 Qf5 22. Rf2 Kg8 23. Raf1 Qd7 24. h3 Nh7 25. f4 f5 26. Nc3 h4 27. fxe5 Rxg3 28. e6 Qd8 29. Qh2 Ng5 30. Rf3 Nxf3 0-1

[Event "Campeonato de Aragon por Equipos 2025 -"]
[Site "?"]
[Date "2025.02.08"]
[Round "3.50"]
[White "Gomez Salinas, Nestor"]
[Black "Carela Ferrer, Francisco Javier"]
[Result "0-1"]
[WhiteElo "1978"]
[BlackElo "1947"]
[PlyCount "72"]
[GameId "2147807432215683"]
[EventDate "2025.01.25"]
[WhiteTeam "Palacio De Pioneros B"]
[BlackTeam "Iberajedrez Mundo 64 B"]

1. e4 c6 2. Nc3 d5 3. Nf3 Bg4 4. h3 Bxf3 5. Qxf3 e6 6. exd5 cxd5 7. Bb5+ Nc6 8. O-O Nf6 9. d4 Qb6 10. Qd3 a6 11. Ba4 Be7 12. Ne2 O-O 13. c3 Qc7 14. Bf4 Bd6 15. Bxd6 Qxd6 16. Ng3 b5 17. Bc2 g6 18. h4 Qf4 19. h5 Qh4 20. Bd1 e5 21. dxe5 Nxe5 22. Qd4 Qxd4 23. cxd4 Nc6 24. Bf3 Nxd4 25. Bxd5 Nxd5 26. Rfd1 Nb4 27. Rxd4 Nc2 28. Rad1 Nxd4 29. Rxd4 Rad8 30. Rb4 Rc8 31. Ne4 Kg7 32. hxg6 hxg6 33. Nc3 Rfd8 34. Kf1 Rc4 35. Rb3 Rdd4 36. Ra3 b4 0-1

[Event "Campeonato de Aragon por Equipos 2025 -"]
[Site "?"]
[Date "2025.02.08"]
[Round "3.51"]
[White "Barranco Castillo, Jose Antonio"]
[Black "Iglesias Fernandez, Luis"]
[Result "1-0"]
[WhiteElo "1828"]
[BlackElo "1858"]
[PlyCount "89"]
[GameId "2147807432281220"]
[EventDate "2025.01.25"]
[WhiteTeam "Iberajedrez Mundo 64 B"]
[BlackTeam "Palacio De Pioneros B"]

1. c4 e5 2. g3 Nc6 3. Bg2 f5 4. Nc3 Nf6 5. e3 Be7 6. Nge2 O-O 7. O-O d6 8. d4 Bd7 9. b4 Qe8 10. a3 Nd8 11. Bb2 c6 12. Rc1 g5 13. dxe5 dxe5 14. f4 Ng4 15. Qd2 Rf6 16. fxe5 Nxe5 17. Ne4 fxe4 18. Bxe5 Rh6 19. Bb2 Qh5 20. h4 Nf7 21. Qc3 Bf8 22. Rxf7 Kxf7 23. Rf1+ Ke8 24. Qh8 Ke7 25. Qe5+ Be6 26. Nd4 gxh4 27. Qc7+ Ke8 28. Qxb7 Rd8 29. Qxc6+ Ke7 30. Qxe4 hxg3 31. Nf3 Qg4 32. Qe5 Rh5 33. Qf6+ Ke8 34. Ne5 Qg8 35. Bc6+ Bd7 36. Nxd7 Rh1+ 37. Bxh1 g2 38. Bxg2 Rxd7 39. Bd4 Be7 40. Qh8 Qxh8 41. Bxh8 Rd3 42. Bc6+ Kd8 43. Bd4 Rxa3 44. b5 Ra5 45. Ra1 1-0

[Event "Campeonato de Aragon por Equipos 2025 -"]
[Site "?"]
[Date "2025.02.08"]
[Round "3.52"]
[White "Caballero Ortin, Jorge"]
[Black "Rene Villalba, Mireia"]
[Result "1-0"]
[WhiteElo "1831"]
[BlackElo "1819"]
[PlyCount "63"]
[GameId "2147807432326277"]
[EventDate "2025.01.25"]
[WhiteTeam "Palacio De Pioneros B"]
[BlackTeam "Iberajedrez Mundo 64 B"]

1. e4 c6 2. c4 d5 3. exd5 cxd5 4. d4 Nf6 5. Nc3 e6 6. c5 a6 7. b4 Be7 8. Be3 O-O 9. a4 Ne4 10. Nxe4 dxe4 11. Bc4 Nc6 12. Qd2 a5 13. b5 Nb4 14. Ne2 f5 15. Nf4 Nd5 16. Bxd5 exd5 17. Qa2 Kh8 18. Qxd5 Qxd5 19. Nxd5 Bd8 20. O-O g5 21. Nc3 Bf6 22. Rac1 Bd7 23. Nd5 Bd8 24. c6 bxc6 25. bxc6 Be6 26. c7 Bxd5 27. c8=Q Rxc8 28. Rxc8 Kg7 29. Rb1 Kf7 30. Rb5 Be6 31. Ra8 Ke7 32. Bxg5+ 1-0

[Event "Campeonato de Aragon por Equipos 2025 -"]
[Site "?"]
[Date "2025.02.08"]
[Round "3.53"]
[White "Martinez Cebolla, Alberto"]
[Black "Larrosa Poves, Jose Manuel"]
[Result "1/2-1/2"]
[WhiteElo "2044"]
[BlackElo "1931"]
[PlyCount "73"]
[GameId "2147807432379526"]
[EventDate "2025.01.25"]
[WhiteTeam "Iberajedrez Mundo 64 C"]
[BlackTeam "Agrupacion B"]

1. e4 c5 2. Nf3 e6 3. c3 Nf6 4. e5 Nd5 5. d4 cxd4 6. cxd4 d6 7. a3 Nc6 8. Bd3 h6 9. O-O Bd7 10. Nc3 Nxc3 11. bxc3 dxe5 12. dxe5 Bc5 13. Qe2 Qe7 14. Re1 Na5 15. Bf4 Bc6 16. a4 a6 17. Nd2 Qc7 18. Ne4 Bxe4 19. Bxe4 Nc6 20. Rab1 b6 21. Qf3 Rc8 22. h4 h5 23. Bd3 a5 24. Bb5 Kf8 25. Rbd1 Be7 26. g3 g6 27. Rd3 Kg7 28. Bg5 Bxg5 29. hxg5 Rhd8 30. Rxd8 Nxd8 31. Qf6+ Kg8 32. Rd1 Nc6 33. Bxc6 Qxc6 34. Rd8+ Rxd8 35. Qxd8+ Kg7 36. Qf6+ Kg8 37. Qd8+ 1/2-1/2

[Event "Campeonato de Aragon por Equipos 2025 -"]
[Site "?"]
[Date "2025.02.08"]
[Round "3.54"]
[White "Carruez Berges, Santiago"]
[Black "Dolz Barea, Guillermo"]
[Result "0-1"]
[WhiteElo "1910"]
[BlackElo "1818"]
[PlyCount "36"]
[GameId "2147807432424583"]
[EventDate "2025.01.25"]
[WhiteTeam "Agrupacion B"]
[BlackTeam "Iberajedrez Mundo 64 C"]

1. Nf3 d5 2. g3 Nf6 3. Bg2 e6 4. O-O Nbd7 5. d3 Bd6 6. Nbd2 b6 7. e4 dxe4 8. dxe4 Bb7 9. e5 Nxe5 10. Nxe5 Bxg2 11. Nxf7 Kxf7 12. Kxg2 Re8 13. Nf3 Kg8 14. Qe2 Qe7 15. Be3 Qf7 16. Rad1 Qg6 17. Bd4 Nd5 18. Ne5 Nf4+ 0-1

[Event "Campeonato de Aragon por Equipos 2025 -"]
[Site "?"]
[Date "2025.02.08"]
[Round "3.55"]
[White "Fuentes Garces, Pedro Jon"]
[Black "Guerra Perez, Rafael"]
[Result "0-1"]
[WhiteElo "1813"]
[BlackElo "1848"]
[PlyCount "64"]
[GameId "2147807432469640"]
[EventDate "2025.01.25"]
[WhiteTeam "Iberajedrez Mundo 64 C"]
[BlackTeam "Agrupacion B"]

1. b3 d5 2. Bb2 Nc6 3. e3 Nf6 4. f4 Bf5 5. Nf3 h6 6. d3 e6 7. Be2 Bc5 8. d4 Bb4+ 9. Nbd2 Ng4 10. Bb5 Nxe3 11. Qe2 Nxc2+ 12. Kf2 Nxa1 13. Rxa1 O-O 14. Bxc6 bxc6 15. Ne5 Qh4+ 16. Ke3 c5 17. Ndf3 Qe7 18. g4 Be4 19. g5 cxd4+ 20. Bxd4 c5 21. Bb2 Bxf3 22. Kxf3 hxg5 23. Rg1 d4 24. Qe4 f5 25. Qe2 Qb7+ 26. Kf2 Qe4 27. Ng6 Qxe2+ 28. Kxe2 Rfe8 29. Rxg5 Ba5 30. Rg3 Bc7 31. Ba3 Bd6 32. Kd3 c4+ 0-1

[Event "Campeonato de Aragon por Equipos 2025 -"]
[Site "?"]
[Date "2025.02.08"]
[Round "3.56"]
[White "Palasi Mainar, Miguel Angel"]
[Black "Martinez Sanz, Pablo"]
[Result "1-0"]
[WhiteElo "1846"]
[BlackElo "1784"]
[PlyCount "60"]
[GameId "2147807432502409"]
[EventDate "2025.01.25"]
[WhiteTeam "Agrupacion B"]
[BlackTeam "Iberajedrez Mundo 64 C"]

1. e4 c5 2. Nf3 d6 3. Nc3 Nf6 4. d4 cxd4 5. Nxd4 a6 6. Be3 e5 7. Nb3 Be6 8. Qd2 Be7 9. f3 O-O 10. g4 d5 11. exd5 Nxd5 12. Nxd5 Bxd5 13. Bg2 Bh4+ 14. Bf2 Bxf2+ 15. Qxf2 Qc7 16. O-O-O Bc6 17. Rhe1 f5 18. Qe2 Nd7 19. Bh3 fxg4 20. Bxg4 {[%csl Ge5]} Rae8 21. Qc4+ Kh8 22. Rxd7 Qb6 23. Rf7 Rxf7 24. Qxf7 a5 25. Nd2 Rd8 26. Bf5 a4 27. Qh5 h6 28. Qg6 Kg8 29. Rg1 Qc7 30. Qh7+ Kf8 1-0

[Event "Campeonato de Aragon por Equipos 2025 -"]
[Site "?"]
[Date "2025.02.08"]
[Round "3.57"]
[White "Malo Guillen, Jose Luis"]
[Black "Fernandez Rubio, Rafael"]
[Result "1/2-1/2"]
[WhiteElo "2093"]
[BlackElo "2048"]
[PlyCount "91"]
[GameId "2147807432539274"]
[EventDate "2025.01.25"]
[WhiteTeam "Las Fuentes"]
[BlackTeam "Tauste"]

1. d4 d6 2. Nf3 g6 3. g3 Bg7 4. Bg2 Nf6 5. O-O O-O 6. c4 c6 7. Nc3 Qc7 8. e4 e5 9. h3 a5 10. b3 Na6 11. Be3 Re8 12. Re1 Nd7 13. Qd2 Nf8 14. Rad1 b6 15. d5 c5 16. g4 f6 17. a3 Qe7 18. Kh1 g5 19. Ra1 Bd7 20. Reb1 h5 21. Nh2 hxg4 22. hxg4 Ng6 23. f3 Kf7 24. Nf1 Reb8 25. Ng3 Bf8 26. Bf1 Qd8 27. Be2 Bg7 28. Kg2 Qe7 29. Kf2 Rh8 30. Rh1 Rxh1 31. Rxh1 Rh8 32. Rxh8 Bxh8 33. Nf5 Bxf5 34. exf5 Nf4 35. Na4 Qd8 36. Qe1 Bg7 37. Qh1 Nb8 38. b4 axb4 39. axb4 Nd7 40. Qb1 Qh8 41. Bxf4 gxf4 42. bxc5 Qh2+ 43. Ke1 Qg1+ 44. Bf1 Qe3+ 45. Be2 Qg1+ 46. Bf1 1/2-1/2

[Event "Campeonato de Aragon por Equipos 2025 -"]
[Site "?"]
[Date "2025.02.08"]
[Round "3.58"]
[White "Carbonel Sanchez, Andres"]
[Black "Alonso Blasco, Jose Miguel"]
[Result "1-0"]
[WhiteElo "1993"]
[BlackElo "1938"]
[PlyCount "113"]
[GameId "2147807432580235"]
[EventDate "2025.01.25"]
[WhiteTeam "Tauste"]
[BlackTeam "Las Fuentes"]

1. e4 c6 2. d4 d5 3. Nc3 dxe4 4. Nxe4 Nf6 5. Nxf6+ gxf6 6. Qd3 Bg4 7. Be2 Bxe2 8. Nxe2 Nd7 9. c4 Qc7 10. O-O e6 11. c5 Bg7 12. Bf4 e5 13. Bg3 O-O 14. b4 a6 15. Rad1 Rad8 16. Nc3 Kh8 17. Qf5 Qc8 18. Ne4 Nb6 19. Qxc8 Nxc8 20. dxe5 fxe5 21. Bh4 Rd4 22. Rxd4 exd4 23. Rd1 Be5 24. Bf6+ Bxf6 25. Nxf6 Rd8 26. g4 Kg7 27. Ne4 Rd5 28. Ng3 Kf6 29. f4 Ne7 30. Ne4+ Kg7 31. f5 Nc8 32. Kf2 b6 33. cxb6 Nxb6 34. Rc1 d3 35. Ke3 Nd7 36. h3 Ne5 37. Rc5 d2 38. Nxd2 Rxc5 39. bxc5 Nd7 40. Kd4 h5 41. g5 f6 42. g6 Ne5 43. Nc4 Nd7 44. Nd6 Kf8 45. Nc4 Kg7 46. Na5 Ne5 47. Nb7 Nd7 48. Nd8 Nb8 49. Kc4 Kf8 50. Ne6+ Kg8 51. Nf4 h4 52. Ng2 Nd7 53. Nxh4 Ne5+ 54. Kd4 Kg7 55. Ng2 Nf3+ 56. Ke3 Ne5 57. Nf4 1-0

[Event "Campeonato de Aragon por Equipos 2025 -"]
[Site "?"]
[Date "2025.02.08"]
[Round "3.59"]
[White "Javierre Conesa, Alfonso"]
[Black "Muro Turon, Raul"]
[Result "1-0"]
[WhiteElo "1885"]
[BlackElo "1879"]
[PlyCount "131"]
[GameId "2147807432686732"]
[EventDate "2025.01.25"]
[WhiteTeam "Las Fuentes"]
[BlackTeam "Tauste"]

1. d4 Nf6 2. Nf3 g6 3. g3 d6 4. Bg2 Bg7 5. O-O O-O 6. c4 Bf5 7. h3 h6 8. Nc3 Ne4 9. Nh4 Nxc3 10. bxc3 Bc8 11. e4 c5 12. Be3 Nc6 13. dxc5 dxc5 14. Bxc5 Qa5 15. Be3 Qxc3 16. Rc1 Qa5 17. Qb3 Nd4 18. Bxd4 Bxd4 19. Nf3 Bg7 20. Rfd1 e5 21. Ne1 Be6 22. Nc2 b5 23. Qxb5 Qxa2 24. Nb4 a6 25. Qc6 Qa3 26. Nd5 Rfc8 27. Qb7 Bf8 28. Ra1 Qc5 29. Qb3 a5 30. Bf1 Bg7 31. Rdb1 f5 32. Qb6 Bxd5 33. Qxc5 Rxc5 34. exd5 e4 35. Ra4 Bc3 36. Rb7 Re8 37. Ra3 Bd2 38. Ra2 Bc3 39. Re2 Rxc4 40. d6 Rb4 41. d7 Rd8 42. Rc7 Bf6 43. Rd2 Kf8 44. Ba6 Ke7 45. Bc8 a4 46. Rc6 a3 47. Ra6 Bb2 48. Rdd6 Bc3 49. Rxg6 Bb2 50. Rxh6 Rf8 51. h4 Rd4 52. Rh7+ Kd8 53. Rhh6 Rd2 54. Rhg6 Bd4 55. Rxa3 Rxf2 56. Kh1 e3 57. Re6 e2 58. Rd3 Rf1+ 59. Kg2 Rf2+ 60. Kh3 Bb6 61. Rd5 f4 62. Rde5 Kc7 63. Rxe2 Rxe2 64. Rxe2 fxg3 65. Kxg3 Bc5 66. Re8 1-0

[Event "Campeonato de Aragon por Equipos 2025 -"]
[Site "?"]
[Date "2025.02.08"]
[Round "3.60"]
[White "San Lazaro Lorente, David"]
[Black "Artal Alegria, Francisco Javier"]
[Result "1/2-1/2"]
[WhiteElo "1825"]
[BlackElo "1876"]
[PlyCount "63"]
[GameId "2147807432731789"]
[EventDate "2025.01.25"]
[WhiteTeam "Tauste"]
[BlackTeam "Las Fuentes"]

1. d4 Nf6 2. c4 c5 3. d5 b5 4. cxb5 a6 5. bxa6 Bxa6 6. Nc3 g6 7. e4 Bxf1 8. Kxf1 d6 9. g3 Bg7 10. Kg2 O-O 11. Nf3 Nbd7 12. Re1 Nh5 13. a4 Qa5 14. Bd2 Qb4 15. g4 Nf4+ 16. Bxf4 f5 17. gxf5 gxf5 18. Bd2 c4 19. Qc2 Nc5 20. Nb5 Qxb2 21. Qxb2 Bxb2 22. Rab1 fxe4 23. Nfd4 Nd3 24. Rxb2 Rxf2+ 25. Kg3 Nxe1 26. Kxf2 Nd3+ 27. Ke3 Nxb2 28. a5 c3 29. Bxc3 Nd1+ 30. Kxe4 Nxc3+ 31. Nxc3 Rxa5 32. h4 1/2-1/2